MARC details
| 000 -CABECERA |
| campo de control de longitud fija |
02054nam a2200397Ia 4500 |
| 001 - NÚMERO DE CONTROL |
| campo de control |
dia_5752 |
| 003 - IDENTIFICADOR DEL NÚMERO DE CONTROL |
| campo de control |
CHAP |
| 005 - FECHA Y HORA DE LA ÚLTIMA TRANSACCIÓN |
| campo de control |
20240320115531.0 |
| 007 - CAMPO FIJO DE DESCRIPCIÓN FÍSICA--INFORMACIÓN GENERAL |
| campo de control de longitud fija |
ta |
| 008 - DATOS DE LONGITUD FIJA--INFORMACIÓN GENERAL |
| campo de control de longitud fija |
220117s2009 mx ae f 001 0 spa d |
| 040 ## - FUENTE DE LA CATALOGACIÓN |
| Centro catalogador/agencia de origen |
mxchpua |
| Centro/agencia transcriptor |
CHAP |
| 090 ## - LOCALMENTE ASIGNADO TIPO-LC NÚMERO DE CLASIFICACIÓN (OCLC); NÚMERO DE CLASIFICACIÓN LOCAL (RLIN) |
| Número de clasificación (OCLC) (R) ; Numero de clasificación, CALL (RLIN) (NR) |
T.C.505 |
| Número cutter local (OCLC) ; Número de libro/Signatura topográfica íntegra, CALL (RLIN) |
H85 EIUPA |
| Año |
2009 |
| 245 ## - MENCIÓN DE TÍTULO |
| Título |
Hulkin, S. A. de C. V., Yucatán / |
| Mención de responsabilidad, etc. |
colaboradores José Luis Gamero Pérez...[y otros] |
| 260 ## - PUBLICACIÓN, DISTRIBUCIÓN, ETC. |
| Lugar de publicación, distribución, etc. |
México : |
| Nombre del editor, distribuidor, etc. |
El autor, |
| Fecha de publicación, distribución, etc. |
2009 |
| 336 ## - TIPO DE CONTENIDO |
| Fuente |
rdacontent |
| Término de tipo de contenido |
texto |
| Código de tipo de contenido |
txt |
| 337 ## - TIPO DE MEDIO |
| Fuente |
rdamedia |
| Nombre/término del tipo de medio |
no mediado |
| Código del tipo de medio |
n |
| 338 ## - TIPO DE SOPORTE |
| Fuente |
rdacarrier |
| Nombre/término del tipo de soporte |
volumen |
| Código del tipo de soporte |
nc |
| 500 00 - NOTA GENERAL |
| Nota general |
Grado: 7° año Grupo: 04 <br/>El impreso y CD solo contiene planos. |
| 502 ## - NOTA DE TESIS |
| Nota de tesis |
Viaje de Estudios |
| Tipo de título |
(EIUPA) -- |
| Nombre de la institución que otorga el título |
UACh. Departamento de Ingeniería Agroindustrial, |
| Año de obtención del título |
2009 |
| 505 00 - NOTA DE CONTENIDO CON FORMATO |
| Nota de contenido con formato |
Contiene 6 planos : --<br/>1.Diagrama de tubería e instrumentación del agua --<br/>2.Distribución de equipo --<br/>3.Diagrama de recorrido --<br/>4.Distribución de equipo --<br/>5.Distribución de planta --<br/>6.Diagrama de tubería e instrumentación |
| 650 13 - PUNTO DE ACCESO ADICIONAL DE MATERIA--TÉRMINO DE MATERIA |
| Término de materia o nombre geográfico como elemento de entrada |
Alimentos congelados |
| 9 (RLIN) |
4302 |
| 650 13 - PUNTO DE ACCESO ADICIONAL DE MATERIA--TÉRMINO DE MATERIA |
| Término de materia o nombre geográfico como elemento de entrada |
Frozen foods |
| 9 (RLIN) |
147452 |
| 700 1# - PUNTO DE ACCESO ADICIONAL--NOMBRE DE PERSONA |
| Nombre de persona |
Gamero Pérez, José Luis |
| 9 (RLIN) |
44584 |
| Término indicativo de función/relación |
colaborador |
| 856 42 - LOCALIZACIÓN Y ACCESO ELECTRÓNICOS |
| Identificador Uniforme del Recurso |
<a href="http://10.13.5.2/ve/TC505EIUPA/TC505EIUPA2008-PLANODISTRIBUCIONDEEQUIPO.pdf">http://10.13.5.2/ve/TC505EIUPA/TC505EIUPA2008-PLANODISTRIBUCIONDEEQUIPO.pdf</a> |
| Texto de enlace |
DESCARGAR PLANO DISTRIBUCION DE EQUIPO |
| 856 42 - LOCALIZACIÓN Y ACCESO ELECTRÓNICOS |
| Identificador Uniforme del Recurso |
<a href="http://10.13.5.2/ve/TC505EIUPA/TC505EIUPA2008-PLANO-DIAGRAMADERECORRIDO.pdf">http://10.13.5.2/ve/TC505EIUPA/TC505EIUPA2008-PLANO-DIAGRAMADERECORRIDO.pdf</a> |
| Texto de enlace |
DESCARGAR DIAGRAMA DE RECORRIDO |
| 856 42 - LOCALIZACIÓN Y ACCESO ELECTRÓNICOS |
| Identificador Uniforme del Recurso |
<a href="http://10.13.5.2/ve/TC505EIUPA/TC505EIUPA2008-PLANO-DTIAGUA.pdf">http://10.13.5.2/ve/TC505EIUPA/TC505EIUPA2008-PLANO-DTIAGUA.pdf</a> |
| Texto de enlace |
DESCARGAR PLANO DTI AGUA |
| 856 42 - LOCALIZACIÓN Y ACCESO ELECTRÓNICOS |
| Identificador Uniforme del Recurso |
<a href="http://10.13.5.2/ve/TC505EIUPA/TC505EIUPA2008-PLANO-DISTRIBUCIONDEEQUIPO.pdf">http://10.13.5.2/ve/TC505EIUPA/TC505EIUPA2008-PLANO-DISTRIBUCIONDEEQUIPO.pdf</a> |
| Texto de enlace |
DESCARGAR PLANO DISTRIBUCION DE EQUIPO 2 |
| 856 42 - LOCALIZACIÓN Y ACCESO ELECTRÓNICOS |
| Identificador Uniforme del Recurso |
<a href="http://10.13.5.2/ve/TC505EIUPA/TC505EIUPA2008-PLANO-DISTRIBUCIONDEPLANTA.pdf">http://10.13.5.2/ve/TC505EIUPA/TC505EIUPA2008-PLANO-DISTRIBUCIONDEPLANTA.pdf</a> |
| Texto de enlace |
DESCARGAR PLANO DE DISTRIBUCION DE PLANTA |
| 856 42 - LOCALIZACIÓN Y ACCESO ELECTRÓNICOS |
| Identificador Uniforme del Recurso |
<a href="http://10.13.5.2/ve/TC505EIUPA/TC505EIUPA2008-PLANO-DTIFRIO.pdf">http://10.13.5.2/ve/TC505EIUPA/TC505EIUPA2008-PLANO-DTIFRIO.pdf</a> |
| Texto de enlace |
DESCARGAR PLANO DTI FRIO |
| 942 ## - ELEMENTOS DE PUNTO DE ACCESO ADICIONAL (KOHA) |
| Fuente del sistema de clasificación o colocación |
Clasificación Universidad Autónoma de Chapingo |
| 901 ## - ELEMENTOS DE DATOS A LOCAL LDA (RLIN) |
| a |
T.C.505 H85 EIUPA 2009 |
| 902 ## - ELEMENTOS DE DATOS B LOCAL, LDB (RLIN) |
| a |
M |
| 905 ## - ELEMENTOS DE DATOS E LOCAL, LDE (RLIN) |
| a |
5132272009 mx el 8223123322spa16 |
| 942 ## - ELEMENTOS DE PUNTO DE ACCESO ADICIONAL (KOHA) |
| Tipo de ítem Koha |
Viaje de Estudios |